| 000 | nam a22 a 4500 | ||
|---|---|---|---|
| 999 |
_c3493 _d3493 |
||
| 005 | 20170523094322.0 | ||
| 008 | 170523b2004 cau||||| |||| 00| 0 eng d | ||
| 020 | _a1560527005 (pbk.) | ||
| 040 | _aAKMAL | ||
| 082 | _a658.42 ZAC | ||
| 090 |
_a658.42 _bZAC |
||
| 100 | 1 |
_aZaccarelli, Herman E. _96998 |
|
| 245 | 1 | 0 |
_aTraining managers to train : _bdeveloping diverse talents / _c Herman E. Zaccarelli. |
| 250 | _a3rd ed. | ||
| 260 |
_a Menlo Park, CA : _b Crisp Publications, _c c2004. |
||
| 300 |
_a x, 94 p. : _b ill. ; _c26cm |
||
| 490 | 1 | _aA Fifty-Minute series book | |
| 500 | _aRev. ed. of: Training managers to train / David K. Hayes. 1996. | ||
| 650 | 0 |
_aEmployees _xTraining of. _93413 |
|
| 650 | 0 |
_aExecutive ability. _91222 |
|
| 700 | 1 |
_aHayes, David K. |t Training managers to train. _96999 |
|
| 830 | 0 |
_aFifty-Minute series. _91134 |
|
| 942 |
_2ddc _cBOOK |
||